| 000 | 00346nam a22001457a 4500 | ||
|---|---|---|---|
| 003 | OSt | ||
| 008 | 220614b ||||| |||| 00| 0 eng d | ||
| 082 |
_a005.133 _bMIP |
||
| 100 | _aMITTAL, Ajay | ||
| 245 | _aProgramming in C : A Practical Approach | ||
| 250 | _a17th | ||
| 260 |
_aNew Delhi _bPearson _c2020 |
||
| 300 | _a546 | ||
| 942 |
_2ddc _cBK |
||
| 999 |
_c11366 _d11366 |
||